[Event "Venice Autumn op-B 10th"]
[Site "Venice"]
[Date "2004.11.01"]
[Round "5"]
[White "Militello, Michele"]
[Black "Cesaro, Giuliano"]
[Result "1/2-1/2"]
[WhiteElo "1814"]
[BlackElo "1963"]
[PlyCount "85"]
[EventDate "2004.10.30"]
[EventType "swiss"]
[EventRounds "5"]
[EventCountry "ITA"]
[SourceTitle "EXT 2009"]
[Source "ChessBase"]
[SourceDate "2008.11.26"]
[SourceVersion "1"]
[SourceVersionDate "2008.11.26"]
[SourceQuality "1"]

1. d4 Nf6 2. Nf3 g6 3. c4 Bg7 4. Nc3 d5 5. e3 0-0 6. cxd5 Nxd5 7. Qb3 Nxc3 8. bxc3 c5 9. Bd3 Nc6 10. 0-0 Na5 11. Qd1 c4 12. Be2 b5 13. Nd2 e5 14. Bf3 Rb8 15. Ba3 Re8 16. Bb4 Nb7 17. Bc6 Bd7 18. Bxb7 Rxb7 19. Qf3 Bc8 20. Ne4 a5 21. Bc5 Rd7 22. Nd2 Bb7 23. Qg3 exd4 24. Bxd4 Bxd4 25. exd4 Re2 26. Nf3 Bxf3 27. Qxf3 Rde7 28. Qc6 Qe8 29. Qb6 Re1 30. Raxe1 Rxe1 31. g3 Qe2 32. Rxe1 Qxe1+ 33. Kg2 b4 34. cxb4 Qxb4 35. Qd8+ Kg7 36. Qc7 c3 37. Qe5+ Kg8 38. Qe8+ Kg7 39. Qe5+ Kg8 40. Qe8+ Qf8 41. Qc6 Qb4 42. Qe8+ Kg7 43. Qe5+ 1/2-1/2

[Event "Venice Autumn op-B 10th"]
[Site "Venice"]
[Date "2004.10.31"]
[Round "3"]
[White "Castellano, Alfonso"]
[Black "Cesaro, Giuliano"]
[Result "0-1"]
[WhiteElo "1881"]
[BlackElo "1963"]
[PlyCount "93"]
[EventDate "2004.10.30"]
[EventType "swiss"]
[EventRounds "5"]
[EventCountry "ITA"]
[SourceTitle "EXT 2009"]
[Source "ChessBase"]
[SourceDate "2008.11.26"]
[SourceVersion "1"]
[SourceVersionDate "2008.11.26"]
[SourceQuality "1"]

1. c4 Nf6 2. Nc3 g6 3. g3 Bg7 4. Bg2 d6 5. e4 e5 6. Nge2 0-0 7. d3 c6 8. 0-0 Na6 9. h3 Be6 10. f4 Qd7 11. Kh2 Nc7 12. Qb3 b5 13. Nd5 cxd5 14. cxd5 Bxd5 15. exd5 Rab8 16. Bd2 b4 17. Rac1 a5 18. a4 bxa3 19. Qxa3 Ncxd5 20. d4 Qb5 21. dxe5 dxe5 22. fxe5 Qxe2 23. exf6 Nxf6 24. Bc3 Nh5 25. Qxa5 Bxc3 26. bxc3 Qe3 27. Qc7 Rbc8 28. Qd7 Qxg3+ 29. Kg1 Nf4 30. Rc2 Rxc3 31. Rcf2 Rf3 32. Qg4 Qxg4 33. hxg4 Rxf2 34. Rxf2 Nxg2 35. Kxg2 h6 36. Kg3 Rd8 37. Rf4 Rd3+ 38. Kf2 Kg7 39. Ke2 Ra3 40. Kf2 Ra5 41. Ke3 g5 42. Rb4 Ra1 43. Ke4 Rf1 44. Ke5 f6+ 45. Ke6 Rf4 46. Rb7+ Kg6 47. Rf7 0-1

[Event "Venice Autumn op-B 10th"]
[Site "Venice"]
[Date "2004.10.31"]
[Round "2"]
[White "Cesaro, Giuliano"]
[Black "Xia, Jie"]
[Result "0-1"]
[WhiteElo "1963"]
[BlackElo "2097"]
[PlyCount "86"]
[EventDate "2004.10.30"]
[EventType "swiss"]
[EventRounds "5"]
[EventCountry "ITA"]
[SourceTitle "EXT 2009"]
[Source "ChessBase"]
[SourceDate "2008.11.26"]
[SourceVersion "1"]
[SourceVersionDate "2008.11.26"]
[SourceQuality "1"]

1. d4 Nf6 2. Nf3 g6 3. g3 Bg7 4. Bg2 0-0 5. 0-0 d6 6. c4 Nc6 7. Nc3 Bd7 8. e4 e5 9. d5 Na5 10. Nd2 b6 11. b4 Nb7 12. Bb2 Ne8 13. Nb3 f5 14. exf5 gxf5 15. c5 bxc5 16. bxc5 Nxc5 17. Nxc5 dxc5 18. d6 e4 19. Qd5+ Kh8 20. dxc7 Qxc7 21. Qxa8 Bc6 22. Nb5 Bxb5 23. Bxg7+ Kxg7 24. Qd5 Bxf1 25. Bxf1 Qd6 26. Rd1 Rf6 27. Bc4 Qxd5 28. Rxd5 Nd6 29. Rxc5 Nxc4 30. Rxc4 Ra6 31. a4 Kf6 32. h4 Ke6 33. Kf1 Kd5 34. Rb4 Rb6 35. Rxb6 axb6 36. Ke2 Kc4 37. Ke3 Kb4 38. Kf4 Kxa4 39. Kxf5 b5 40. Kxe4 b4 41. Kd3 b3 42. Kd2 Ka3 43. Kc1 Ka2 0-1

[Event "ITA Universities-chT 3rd"]
[Site "Asiago"]
[Date "1995.09.08"]
[Round "5.3"]
[White "Cesaro, Giuliano"]
[Black "Capitelli, Paolo"]
[Result "0-1"]
[WhiteElo "1884"]
[BlackElo "1890"]
[PlyCount "111"]
[EventDate "1995.09.06"]
[EventType "team-swiss"]
[EventRounds "5"]
[EventCountry "ITA"]
[SourceTitle "EXT 2023"]
[Source "ChessBase"]
[SourceDate "2022.10.05"]
[SourceVersion "1"]
[SourceVersionDate "2022.10.05"]
[SourceQuality "1"]
[WhiteTeam "Venezia"]
[BlackTeam "Bari"]
[WhiteTeamCountry "ITA"]
[BlackTeamCountry "ITA"]

1. d4 Nf6 2. Nf3 g6 3. c4 Bg7 4. Nc3 d6 5. e4 0-0 6. Be2 e5 7. 0-0 Nc6 8. d5 Ne7 9. Ne1 Nd7 10. b4 f5 11. Nd3 Nf6 12. f3 f4 13. c5 g5 14. a4 h5 15. Nf2 Rf7 16. Nb5 Kh8 17. Qc2 Neg8 18. Ra3 a6 19. Nc3 g4 20. cxd6 cxd6 21. Ncd1 g3 22. hxg3 fxg3 23. Nh3 Rc7 24. Rc3 Rxc3 25. Qxc3 Nh7 26. Be3 Qh4 27. Ndf2 gxf2+ 28. Bxf2 Qd8 29. Rc1 Bd7 30. Qb3 Rc8 31. Rxc8 Qxc8 32. Kh2 Bxh3 33. gxh3 Bh6 34. Bg3 Ng5 35. Bf1 Qc1 36. Bg2 Nf7 37. b5 a5 38. b6 Be3 39. h4 Qc5 40. Bh3 Qxb6 41. Qxb6 Bxb6 42. Bc8 Nd8 43. Be1 Ne7 44. Bd7 Kg7 45. Bd2 Ng6 46. Kg3 Nf4 47. Bxf4 exf4+ 48. Kxf4 Kf6 49. Be8 Nf7 50. Bxf7 Kxf7 51. Kg5 Be3+ 52. Kxh5 Kf6 53. Kg4 Ke5 54. h5 Bh6 55. Kg3 Kd4 56. Kg4 0-1

[Event "Caorle op-B"]
[Site "Caorle"]
[Date "1991.07.09"]
[Round "4.8"]
[White "Cesaro, Giuliano"]
[Black "Pasqualin, Giorgio"]
[Result "0-1"]
[WhiteElo "1836"]
[BlackElo "2034"]
[PlyCount "84"]
[EventDate "1991.07.05"]
[EventType "swiss"]
[EventRounds "8"]
[EventCountry "ITA"]
[SourceTitle "EXT 2023"]
[Source "ChessBase"]
[SourceDate "2022.10.05"]
[SourceVersion "1"]
[SourceVersionDate "2022.10.05"]
[SourceQuality "1"]

1. d4 Nf6 2. Nf3 e6 3. c4 Bb4+ 4. Bd2 Qe7 5. a3 Bxd2+ 6. Qxd2 d6 7. Nc3 0-0 8. e3 e5 9. dxe5 dxe5 10. Qc2 c6 11. Be2 a5 12. 0-0 Na6 13. Rfd1 Nc5 14. b3 Bg4 15. Rd2 Bh5 16. Rad1 Bg6 17. Qb2 a4 18. bxa4 Nxa4 19. Nxa4 Rxa4 20. Nxe5 Ne4 21. Nxg6 hxg6 22. Rd7 Qxa3 23. Qxa3 Rxa3 24. Bf3 Nc5 25. R7d4 Raa8 26. g3 Ne6 27. Rd7 Nc5 28. R7d4 Rfb8 29. h4 Kf8 30. Kg2 Ke7 31. Bg4 Rd8 32. Bf3 Ne6 33. Rxd8 Rxd8 34. Rxd8 Nxd8 35. Be2 Kd6 36. Kf3 Kc5 37. Ke4 b6 38. Kd3 Nb7 39. Kc3 Nd6 40. f3 Nf5 41. f4 Nxg3 42. Bf3 Nf5 0-1

[Event "Caorle op-B"]
[Site "Caorle"]
[Date "1991.07.06"]
[Round "1.4"]
[White "Lucernoni, Paolo"]
[Black "Cesaro, Giuliano"]
[Result "0-1"]
[WhiteElo "2051"]
[BlackElo "1836"]
[PlyCount "80"]
[EventDate "1991.07.05"]
[EventType "swiss"]
[EventRounds "8"]
[EventCountry "ITA"]
[SourceTitle "EXT 2023"]
[Source "ChessBase"]
[SourceDate "2022.10.05"]
[SourceVersion "1"]
[SourceVersionDate "2022.10.05"]
[SourceQuality "1"]

1. d4 Nf6 2. c4 g6 3. Nc3 d5 4. cxd5 Nxd5 5. e4 Nxc3 6. bxc3 Bg7 7. Bc4 c5 8. Ne2 0-0 9. Be3 Nc6 10. Rc1 Na5 11. Bd3 c4 12. Bc2 b5 13. Qd2 Bb7 14. f3 Nc6 15. h4 h5 16. Bh6 Qa5 17. Bxg7 Kxg7 18. Ng3 Rg8 19. 0-0 Rad8 20. Rfd1 b4 21. cxb4 Qxb4 22. Qxb4 Nxb4 23. Bb1 Ba6 24. Ne2 Nd3 25. Rc3 Rb8 26. Bxd3 cxd3 27. Nf4 Rb2 28. Ra3 Bc4 29. Nxd3 Bxd3 30. Rdxd3 Rc8 31. Rdb3 Rc1+ 32. Kh2 Rf2 33. Rxa7 Rcc2 34. Rxe7 Rxg2+ 35. Kh3 Rh2+ 36. Kg3 Rcg2+ 37. Kf4 Rxh4+ 38. Ke3 Rxa2 39. Rbb7 Ra3+ 40. Ke2 Rh2+ 0-1

[Event "Secondario 15th"]
[Site "Caorle"]
[Date "1990.07.08"]
[Round "2.50"]
[White "Fantini, Marco"]
[Black "Cesaro, Giuliano"]
[Result "0-1"]
[WhiteElo "1800"]
[BlackElo "1815"]
[PlyCount "68"]
[EventDate "1990.07.07"]
[EventType "swiss"]
[EventRounds "8"]
[EventCountry "ITA"]
[SourceTitle "EXT 2023"]
[Source "ChessBase"]
[SourceDate "2022.10.05"]
[SourceVersion "1"]
[SourceVersionDate "2022.10.05"]
[SourceQuality "1"]

1. d4 Nf6 2. Nf3 g6 3. Bf4 Bg7 4. Qc1 c5 5. c3 cxd4 6. cxd4 Nc6 7. Nc3 Qb6 8. e3 0-0 9. d5 Nb4 10. e4 d6 11. Be3 Qd8 12. a3 Na6 13. Bxa6 bxa6 14. 0-0 Bd7 15. Bh6 Rc8 16. a4 Nxe4 17. Bxg7 Kxg7 18. Qe3 Nxc3 19. Qd4+ Kg8 20. bxc3 Rc5 21. h4 Qa5 22. Ra3 Rxd5 23. Qxa7 Qc5 24. Qxc5 Rxc5 25. Re1 Re8 26. a5 Kf8 27. Rb1 Rec8 28. Rc1 Rb8 29. Rc2 Rbb5 30. Rca2 Rb1+ 31. Kh2 Rc1 32. Ng5 h6 33. Ne4 Rc4 34. f3 f5 0-1